Stolice państw Afryki (niektóre państwa) - Statystyki

Ogólne statystyki
  • Ten quiz został rozwiązany 91 razy
  • Średni wynik to 7 z 9
Statystyki odpowiedzi
Państwo Stolica % Poprawnych
Egipt Kair
93%
Algieria Algier
91%
Maroko Rabat
89%
Tunezja Tunis
87%
Kenia Nairobi
80%
Libia Trypolis
78%
Etiopia Addis Abeba
67%
Republika Południowej Afryki Pretoria
64%
Demokratyczna Republika Konga Kinszasa
56%
Nie znaleziono quizów pasujących do podanych kryteriów
Rozkład punktacji
Procent ludzi z każdym wynikiem
Percentyl według liczby udzielonych odpowiedzi
Twoja historia wyników
Nie rozwiązałeś tego quizu